Complete the Song Title #2 - Statistics

General Stats
  • This quiz has been taken 41 times
  • The average score is 6 of 15
Answer Stats
Artist/Band Song % Correct
Eminem The Real Slim {Shady}
88%
BTS Life Goes {On}
78%
Eminem Rap {God}
75%
Hozier Take Me to {Church}
73%
Kanye West Gold {Digger}
55%
Future Mask {Off}
53%
Radiohead Paranoid {Android}
38%
Radiohead Karma {Police}
35%
Future Low {Life}
30%
BTS Permission to {Dance}
30%
XXXTENTACION Jocelyn {Flores}
28%
XXXTENTACION Everybody Dies In Their {Nightmares}
18%
Kanye West Black {Skinhead}
15%
Radiohead Subterranean Homesick {Alien}
13%
Hozier Work {Song}
8%
No matching quizzes found
Score Distribution
Percent of People with Each Score
Percentile by Number Answered
Your Score History
You have not taken this quiz